Statystyki dla Quiz o stanie Idaho

Kliknij tutaj aby rozwiązać quiz!

Ogólne statystyki

  • Ten quiz został rozwiązany 8 razy
  • Średni wynik to 6 z 20

Statystyki odpowiedzi

WskazówkaOdpowiedź% Poprawnych
Idaho graniczy z tymi stanamiMontana
75%
Idaho graniczy z tymi stanamiOregon
75%
Idaho graniczy z tymi stanamiNevada
63%
Idaho graniczy z tymi stanamiUtah
63%
StolicaBoise
50%
Idaho graniczy z tymi stanamiWashington
50%
Idaho graniczy z tymi stanamiWyoming
38%
Idaho jest największym producentem tej rośliny w krajuZiemniaki
38%
Słowo, które pojawia się po Post, Idaho i Twin w nazwach trzech miastFalls
25%
Graniczy z tą kanadyjską prowincjąKolumbia Brytyjska
25%
Ryby, które podróżują ponad 1400 km od Pacyfiku,
aby rozmnażać się w Idaho
Łosoś
25%
Rzeka "Serpentyna", która przepływa przez całą długość stanuSnake River
25%
Pseudonim stanu (po angielsku)The {Gem} State
25%
Największe miasto w stanie IdahoCoeur d'{Alene}
13%
Pierwsi europejscy osadnicy byli handlarzami, którzy tego szukaliFutro
13%
Rdzenne plemię Ameryki, którego francuska nazwa oznacza „przekłuty nos”{Nez} Percé
13%
Śmiałek, który próbował przeskoczyć
tę rzekę w rakiecie o napędzie parowym
Evel Knievel
0%
Kultowy film z 2004 roku rozgrywający się w Idaho
(podpowiedź: "Głosuj na Pedro")
Napoleon Wybuchowiec
0%
Z czego słynie Sun Valley?Narciarstwo
0%
Największe wyznanie religijne, do którego należy około 20% mieszkańców IdahoRuch świętych w dniach ostatnich
0%

Rozkład punktacji

Percentyl według liczby udzielonych odpowiedzi

Procent ludzi z każdym wynikiem

Twoja historia wyników

Nie rozwiązałeś tego quizu